Guyton & Hall. Tratado de fisiología médica (Registro nro. 26810)

Detalles MARC
000 -CABECERA
Longitud fija campo de control 01386cam a2200241 c 4500
003 - IDENTIFICADOR DELl NÚMERO DE CONTROL
Identificador del número de control OSt
005 - FECHA Y HORA DE LA ÚLTIMA TRANSACCIÓN
Fecha y hora de la última transacción 20161220150031.0
008 - CÓDIGOS DE INFORMACIÓN DE LONGITUD FIJA
Códigos de información de longitud fija 110620s2016 sp a | |||| 001 0 spa
020 ## - NÚMERO INTERNACIONAL NORMALIZADO PARA LIBROS
Número Internacional Normalizado para Libros (ISBN) 978-1-4557-7005-2
040 ## - FUENTE DE LA CATALOGACIÓN
Centro catalogador de origen SpMaBN
Centro transcriptor BMC
082 ## - NÚMERO DE LA CLASIFICACIÓN DECIMAL DEWEY
Númeroo de clasificación 612
100 1# - PUNTO DE ACCESO PRINCIPAL-NOMBRE DE PERSONA
Nombre de persona Guyton, Arthur C.
9 (RLIN) 578
245 10 - MENCIÓN DE TÍTULO
Título Guyton & Hall. Tratado de fisiología médica
Mención de responsabilidad, etc. John E. Hall, Arthur C. Guyton ; [traducción y producción editorial, GEA Consultoría Editorial, S.L.]
250 ## - MENCIÓN DE EDICIÓN
Mención de edición 13ª ed
260 ## - PUBLICACIÓN, DISTRIBUCIÓN, ETC. (PIE DE IMPRENTA)
Lugar de publicación, distribución, etc. Barcelona
Nombre del editor, distribuidor, etc. Elsevier
Fecha de publicación, distribución, etc. 2016
300 ## - DESCRIPCIÓN FÍSICA
Extensión XXI, 1145 p.
Otras características físicas il. col., gráf.
Dimensiones 28 cm
500 ## - NOTA GENERAL
Nota general Incluye referencias bibliográficas e índice
504 ## - NOTA DE BIBLIOGRAFÍA, ETC
Nota de bibliografía, etc. Contiene: La célula y sus funciones.- Arritmias cardiacas.- El corazón.- Shock circulatorio y su tratamiento.- Nefropatías y diuréticos.- Eritrocitos, anemia y policitemia.- Hemostasia y coagulación sanguinea.- Regulación de la respiración.- Fisiologia de la aviación, el espacio y el buceo en profundidad.- El sistema nervioso.-
505 ## - NOTA DE CONTENIDO CON FORMATO
Nota de contenido con formato Los sentidos especiales.- Mecanismos encefálicos del comportamiento y la motivación: el sistema límbico y el hipotálamo.- Endocrinología y reproducción.- Hormonas corticosuprarrenales.- Insulina, glacagón y diabetes mellitus.- Fisiología fetal y neonatal.- Fisiología del deporte.-
650 24 - PUNTO DE ACCESO ADICIONAL DE MATERIA - TÉRMINO DE MATERIA
9 (RLIN) 580
Término de materia o nombre geográfico como elemento inicial Fisiología humana
700 1# - PUNTO DE ACCESO ADICIONAL - NOMBRE DE PERSONA
Nombre de persona Hall, John E.
9 (RLIN) 579
942 ## - ENTRADA DE ELEMENTOS AGREGADOS (KOHA)
Fuente de clasificaión o esquema Dewey Decimal Classification
Koha [por defecto] tipo de item 1- Monografias
Existencias
Suprimido Perdido Fuente de clasificación o esquema Estropeado Restricciones de uso No para préstamo Código de colección Localización permanente Localización actual Localización en estanter&íacute;as Fecha adquisición Fuente de adquisición Número de inventario Préstamos totales Renovaciones totales Signatura completa Código de barras Fecha última consulta Fecha último préstamo Coste, precio reemplazado Fecha del precio de reemplazo Tipo de item de Koha Prestado
NULL NULL Dewey Decimal Classification NULL Prestable NULL NULL Biblioteca Miguel de Cervantes - UNICAES Biblioteca Miguel de Cervantes - UNICAES Sala Principal 09/12/2016 Donación - Facultad de Ciencias de la Salud 032844 82 17 612 GUY tra 1040155 25/02/2026 02/09/2025 90.00 14/12/2016 1- Monografias  
NULL NULL Dewey Decimal Classification NULL Prestable NULL NULL Biblioteca Miguel de Cervantes - UNICAES Biblioteca Miguel de Cervantes - UNICAES Sala Principal 09/12/2016 Donación - Facultad de Ciencias de la Salud 032845 64 13 612 GUY tra 1040156 25/05/2022 25/05/2022 90.00 14/12/2016 1- Monografias 08/06/2022
NULL NULL Dewey Decimal Classification NULL Prestable NULL NULL Biblioteca Miguel de Cervantes - UNICAES Biblioteca Miguel de Cervantes - UNICAES Sala Principal 09/12/2016 Donación - Facultad de Ciencias de la Salud 032846 87 13 612 GUY tra 1040157 13/03/2026 13/03/2026 90.00 14/12/2016 1- Monografias